000 00847nam a2200289 i 4500
003 DO-SdBNP
005 20240613114842.0
007 ta
008 240613s1976 dr r 000 0 spa d
040 _aDO-SdBNP
_bspa
_cBNPHU
_erda
082 _bR893a
_222
100 _aRozas Aristy, Eduardo
_935398
_eautor
245 1 3 _aApuntes sobre metodología del diseño arquitectónico /
_cEduardo Rozas Aristy ; prólogo Leopoldo Esperillat Namita
264 1 _aSanto Domingo :
_bTaller,
_c1976
300 _a129 páginas :
_bilustraciones ;
_c23 cm.
336 _2rdacontent
_atexto
_btxt
337 _2rdamedia
_asin mediación
_bn
338 _2rdacarrier
_avolumen
_bnc
590 _aInventariado, 2024/ DG
650 _914357
650 _985631
650 _985632
700 _985642
710 _985633
910 _aDG
942 _2ddc
_cLBS1
999 _c56845
_d56845